Food production operations (Record no. 198346)

MARC details
000 -LEADER
fixed length control field 00416nam a2200157Ia 4500
005 - DATE AND TIME OF LATEST TRANSACTION
control field 20250303135159.0
008 - FIXED-LENGTH DATA ELEMENTS--GENERAL INFORMATION
fixed length control field 231217s9999 xx 000 0 und d
020 ## - INTERNATIONAL STANDARD BOOK NUMBER
International Standard Book Number 9780198061816
082 ## - DEWEY DECIMAL CLASSIFICATION NUMBER
Classification number 658.5 BAL;1 R
100 ## - MAIN ENTRY--PERSONAL NAME
Personal name Bali, Parvinder S.
245 #0 - TITLE STATEMENT
Title Food production operations
260 ## - PUBLICATION, DISTRIBUTION, ETC. (IMPRINT)
Date of publication, distribution, etc. 2009
Name of publisher, distributor, etc. Oxford University
Place of publication, distribution, etc. New Delhi
300 ## - PHYSICAL DESCRIPTION
Extent xiv, 588
650 ## - SUBJECT ADDED ENTRY--TOPICAL TERM
Topical term or geographic name as entry element Food,production,operations
942 ## - ADDED ENTRY ELEMENTS (KOHA)
Koha item type Books
Holdings
Date last seen Total Checkouts Full call number Accession number Old discount Price effective from Category Lost status Damaged status Department Withdrawn status Permanent Location Current Location Shelving location Entry date Grants Currency symbol Conversion rate Discount Discount type
26/01/2024   658.5 BAL;1 R 91861   26/01/2024 Books     HEM   Central Library Central Library BHM 10/01/2018 DONATED RS 1   Rupees

© For any Suggestions or Query, please contact the library staff @ librarian@pes.edu or Phone: +9180 2672 1983/ 2108.